000 00543nam a22001697a 4500
999 _c532732
_d532732
003 NUST
005 20191129150818.0
008 191127b ||||| |||| 00| 0 eng d
027 _q B07C88JRXW
038 _aMSOHAIL
082 _a297 ISR
100 _aDr. Israr Ahmed
_926279
245 _aSurah Fatiha Quran Hakeem kay Falsafah o Hikmat ki Asaas Kamil
_bقرآن حکیم کے فلسفہ و حکمت کی اساس کامل :(سورة الفاتحہ)۔
260 _aLahore
_bMarkazi Anjuman
_cc2013
300 _ap;44
942 _2ddc
_cBK